Normal view
MARC view
- Kazmerski, L. L
Entry Personal Name
001 - CONTROL NUMBER
- control field: 74915
003 - CONTROL NUMBER IDENTIFIER
- control field: NUST
005 - DATE AND TIME OF LATEST TRANSACTION
- control field: 20210628205320.0
008 - FIXED-LENGTH DATA ELEMENTS
- fixed length control field: 210628|| aca||aabn | a|a d
040 ## - CATALOGING SOURCE
- Original cataloging agency: NUST
- Transcribing agency: NUST
100 ## - HEADING--PERSONAL NAME
- Personal name: Kazmerski, L. L
670 ## - SOURCE DATA FOUND
- Source citation: Work cat.: (NUST): Kazmerski, L. L, Photovoltics a review of cell and module technologies, 1997
